000 01040nam a2200277 i 4500
003 EG-ScBUE
005 20250525084123.0
008 250508r20042003ii a f b 001 0 eng d
020 _a8122414680
040 _aEG-ScBUE
_beng
_erda
_cEG-ScBUE
_dEG-ScBUE
082 0 4 _a533.21
_bYAH
_222
100 1 _aYahya, S. M.,
_eauthor.
245 1 0 _aFundamentals of compressible flow :
_bwith aircraft and rocket propulsion /
_cS. M. Yahya, former professor and Head Mechanical Engineering Department, Indian Institute of Technology, New Delhi.
250 _aThird edition, si units.
250 _aReprint edition
264 1 _aNew Delhi :
_bNew Age International (P) Limited, Publishers,
_c2004.
300 _axv, 687 pages :
_billustrations ;
_c24 cm
336 _2rdacontent
_atext
_btxt
337 _aunmediated
_2rdamedia
_bn
338 _avolume
_bnc
_2rdacarrier
500 _aIncludes appendix.
504 _aIncludes bibliographical references and index.
650 7 _aGas dynamics.
_2BUEsh
655 _vReading book
942 _cBB
_2ddc
999 _c1404
_d1404